Architektúry počítačových systémov: princípy, štruktúrna organizácia, funkcia
Saved in:
| Main Author: | |
|---|---|
| Format: | Book |
| Language: | Slovak |
| Published: |
Košice :
Elfa,
2002
|
| Subjects: | |
| Tags: |
No Tags, Be the first to tag this record!
|
MARC
| LEADER | 00000nam a22000003a 4500 | ||
|---|---|---|---|
| 001 | stu78275 | ||
| 005 | 20200911103826.5 | ||
| 008 | 021206s2002----xo------------------slo-d | ||
| 020 | |a 80-89066-40-2 | ||
| 040 | |a STU |b slo | ||
| 041 | 0 | |a slo | |
| 044 | |a xo | ||
| 080 | |a 004.03 |7 stu_us_auth*stu8716 | ||
| 080 | |a 681.32.06 | ||
| 080 | |a 519.683 | ||
| 084 | |a C6110B |2 INS | ||
| 100 | 1 | |a Jelšina, Milan |4 aut | |
| 245 | 1 | |a Architektúry počítačových systémov: princípy, štruktúrna organizácia, funkcia | |
| 260 | |a Košice : |b Elfa, |c 2002 | ||
| 300 | |a 467 s | ||
| 650 | 7 | |a výpočtová technika |2 stusub | |
| 650 | 7 | |a programovanie |2 stusub | |
| 650 | 7 | |a programovacie metódy |2 stusub | |
| 650 | 7 | |a softvérové inžinierstvo |2 stusub | |
| 996 | |b 284EK85387 |c E*85387 |l EE11 |s P |a 0 |w stu78275_0001 | ||
| 996 | |b 284EK84754 |c E*84754 |l EE01 |s A |a 24 |w stu78275_0003 | ||
| 996 | |b 284EK84755 |c E*84755 |l EE0101 |s P |a 0 |w stu78275_0004 | ||
| 996 | |b 284EK85598 |c E*85598 |l EE30 |s P |a 0 |w stu78275_0006 | ||